| 000 | 00551nam a22001931a 4500 | ||
|---|---|---|---|
| 001 | 7112 | ||
| 003 | OSt | ||
| 005 | 20260204212117.0 | ||
| 008 | 061025s1992||||ag ||||||b||||||||||spa|| | ||
| 020 | _a950602264x | ||
| 050 | _a101.320 V26s | ||
| 100 | _aVan Parijs, Philippe | ||
| 245 | _aQué es una sociedad justa: Introducción a la práctica de la filosofía política / Philippe Van Parijs | ||
| 264 | _aArgentina : Saic | ||
| 300 | _a255 p | ||
| 500 | _aIncluye indice y bibliografía | ||
| 650 | _a1. Filosofía PolíticaÌ | ||
| 942 |
_2ddc _cBK |
||
| 999 |
_c7112 _d7112 |
||